| 000 | 00664cab a2200217 4500 | ||
|---|---|---|---|
| 001 | WB2342-32 | ||
| 008 | 090401t1987 xxu||||| |||| 00| 0 eng d | ||
| 035 | _a(Sirsi) u32943 | ||
| 041 | _aeng | ||
| 245 | _aCrash hits property | ||
| 260 | _c1987 | ||
| 350 | _a0 | ||
| 490 |
_aFinancial Times _v22/10/87 p2 23/10/87 p2 |
||
| 520 | _aLooks at how the recent stock market crash is affecting both the commercial and housing market s. | ||
| 650 | _aFINANCIAL INSTITUTIONS | ||
| 650 | _aINVESTMENT | ||
| 650 | _aPROPERTY-COMMERCIAL PROPERTY-OFFICE PROPERTY-OFFICE PROPERTY MARKET | ||
| 690 | _aPROPERTY LAW AND PRACTICE | ||
| 942 | _n0 | ||
| 948 | _c04/03/1997 | ||
| 999 |
_c22011 _d22011 |
||